Trón alebo smrť fenomenálny seriál Hra o tróny ilegálne sťahujú a sledujú tisícky Slovákov,vďaka intrigám, sexu, ale najmä nečakaným mŕtvolám

Bibliographic Details
Main Author: Dugovičová, Kristína (Author)
Format: Article
Language:Slovak
PhysicalDescription:Fotogr.
ISSN:1210-4040
Subjects:
Online Access:http://www.pluska.sk/plus-7-dni/

MARC

LEADER 00000nab a2200000 a 4500
001 vtls010607868
003 SK-MaSNL
005 20260303173432.0
008 140702c2014 xo wrzp 0 0slo
015 |a SNBRB2014/07  |2 rvgkpd 
038 |a RVGKPD 
040 |a RVGKPD  |b slo  |c RVGKPD  |e AACR2 
041 0 |a slo 
044 |a xo  |c SK 
080 |a 791.242:7.097  |x (73)  |2 2001 
100 1 |a Dugovičová, Kristína  |4 aut  |9 265544 
245 1 0 |a Trón alebo smrť  |b fenomenálny seriál Hra o tróny ilegálne sťahujú a sledujú tisícky Slovákov,vďaka intrigám, sexu, ale najmä nečakaným mŕtvolám  |c Kristína Dugovičová 
300 |b Fotogr. 
650 0 7 |a Hra o tróny (televízny seriál)  |2 rvgkpd  |9 1199644 
650 0 7 |a televízne seriály  |2 rvgkpd  |9 2920 
773 0 |t Plus 7 dní  |g Roč. XXIV, č. 26 (2014), s. [86]-89  |x 1210-4040 
852 |a RVGKPD  |b KIS3G 
856 4 1 |u http://www.pluska.sk/plus-7-dni/ 
958 |a US 
992 |a RBX 
999 |c 2092521  |d 2094451